00334 2200133 4500001002100000008004100021035002000062245002700082100000800109260004200117084001400159082000800173990001900181INLIS000000000000144 ind  a0010-0924000133 aMENGAPA KAMI MENGGUGAT aTIM aJAKARTA :bYAYASAN ALUMNI TEMPOc1995 a000 TIM m a000 a000.1998.00048